Best athlete by country - Statistics

General Stats
  • This quiz has been taken 49 times
  • The average score is 10 of 23
Answer Stats
Countries Sport hint Answer % Correct
Argentina Football/soccer Lionel Messi
98%
Portugal Football/soccer Christiano Ronaldo
93%
USA Basketball Michael Jordan
84%
China Table tennis Ma Long
81%
Jamaica Track and field Usain bolt
77%
Serbia Tennis Novak Djokovic
74%
Spain Tennis Rafeal Nadal
72%
United kingdom F1 Lewis Hamilton
70%
Ireland MMA Conor McGregor
67%
Egypt Football/soccer Adam Salah
58%
Brazil Football/Soccer Neymar jr
58%
Japan Baseball Shohei Ohtani
28%
Germany Tennis Borris becker
26%
Russia MMA Khabib Nurmagomedov
26%
Mexico Boxing Canelo Alverez
23%
Nigeria Basketball Hakeem Oljuwan
12%
India Cricket Sachin Tendulkar
12%
Georgia MMA Illia topuria
9%
Armenia MMA Arman Tsrukyan
5%
South africa Rugby Bryan Habana
2%
Canada Ice hockey Wayne gretsky
2%
Australia Rugby John Sales
0%
Italy Running Pietro Mennea
0%
No matching quizzes found
Score Distribution
Percent of People with Each Score
Percentile by Number Answered
Your Score History
You have not taken this quiz